Politics & governance: (Record no. 10108)

MARC details
000 -LEADER
fixed length control field 00764nam a22001937a 4500
003 - CONTROL NUMBER IDENTIFIER
control field OSt
005 - DATE AND TIME OF LATEST TRANSACTION
control field 20260430043146.0
008 - FIXED-LENGTH DATA ELEMENTS--GENERAL INFORMATION
fixed length control field 260430b |||||||| |||| 00| 0 eng d
020 ## - INTERNATIONAL STANDARD BOOK NUMBER
International Standard Book Number 971-550-307-1.
040 ## - CATALOGING SOURCE
Original cataloging agency OC
Transcribing agency DWC-Main Lib
082 ## - DEWEY DECIMAL CLASSIFICATION NUMBER
Classification number Fil. 320.959 At22p 1999
245 ## - TITLE STATEMENT
Title Politics & governance:
Remainder of title theory & practice in the philippine context
260 ## - PUBLICATION, DISTRIBUTION, ETC.
Place of publication, distribution, etc. Manila:
Name of publisher, distributor, etc. Office of Research and Publications, Ateneo de Manila University ;
Date of publication, distribution, etc. c1999.
300 ## - PHYSICAL DESCRIPTION
Extent v, 343 pages ;
Dimensions 23 cm.
504 ## - BIBLIOGRAPHY, ETC. NOTE
Bibliography, etc. note includes bibliographical and index.
650 ## - SUBJECT ADDED ENTRY--TOPICAL TERM
Topical term or geographic name entry element 1. Philippines - Politics & Government.
650 ## - SUBJECT ADDED ENTRY--TOPICAL TERM
Topical term or geographic name entry element 2. Political Science - Study & Teaching - Philippines.
942 ## - ADDED ENTRY ELEMENTS (KOHA)
Source of classification or shelving scheme Dewey Decimal Classification
Koha item type Book-Filipiniana
Classification part Fil. 320.959 At22p 1999
Call number prefix Fil.
Suppress in OPAC No
952 ## - LOCATION AND ITEM INFORMATION (KOHA)
--
952 ## - LOCATION AND ITEM INFORMATION (KOHA)
--
Holdings
Withdrawn status Lost status Source of classification or shelving scheme Damaged status Not for loan Home library Current library Shelving location Date acquired Total Checkouts Full call number Barcode Date last seen Copy number Price effective from Koha item type Uniform Resource Identifier
    Dewey Decimal Classification     College Library College Library Filipiniana 04/30/2026   Fil. 320.959 At22p 1999 CL34895 04/30/2026 c1 04/30/2026 BK - FIL
    Dewey Decimal Classification     College Library College Library Filipiniana 04/30/2026   Fil. 320.959 At22p 1999 CL34896 04/30/2026 c2 04/30/2026 BK - FIL